NCLEX-RN: STRATEGIES FOR THE REGISTERED NURSING LICENSING EXAM 2008-2009 EDITION (Record no. 210212)
[ view plain ]
| 000 -LEADER | |
|---|---|
| fixed length control field | 00453nam a22001457a 4500 |
| 008 - FIXED-LENGTH DATA ELEMENTS--GENERAL INFORMATION | |
| fixed length control field | 240527b |||||||| |||| 00| 0 eng d |
| 020 ## - INTERNATIONAL STANDARD BOOK NUMBER | |
| International Standard Book Number | 9781419551819 |
| 050 ## - LIBRARY OF CONGRESS CALL NUMBER | |
| Classification number | RT 55 .I79 2008 |
| Item number | C. 1 |
| 100 ## - MAIN ENTRY--PERSONAL NAME | |
| Personal name | IRWIN, BARBARA J. |
| 245 ## - TITLE STATEMENT | |
| Title | NCLEX-RN: STRATEGIES FOR THE REGISTERED NURSING LICENSING EXAM 2008-2009 EDITION |
| 260 ## - PUBLICATION, DISTRIBUTION, ETC. | |
| Place of publication, distribution, etc. | NEW YORK |
| Name of publisher, distributor, etc. | KAPLAN PUBLISHING |
| Date of publication, distribution, etc. | 2008 |
| 300 ## - PHYSICAL DESCRIPTION | |
| Extent | IX, 354P.: ILL. |
| 700 ## - ADDED ENTRY--PERSONAL NAME | |
| Personal name | BURCKHARDT, JUDITH A. |
| 942 ## - ADDED ENTRY ELEMENTS (KOHA) | |
| Source of classification or shelving scheme | Library of Congress Classification |
| Koha item type | Long Loan Book |
No items available.